| Поле | Название | Значение |
| |
Тип записи |
a |
| |
Библиографический уровень |
m |
| 001 |
Контрольный номер |
RU/SLIB/B/208707202 |
| 005 |
Дата корректировки |
20201206203855.6 |
| 010 |
Индекс ISBN |
__ |
| d |
Цена |
0-20 |
| 101 |
Язык документа |
__ |
| a |
Язык текста |
rus |
| 200 |
Заглавие и сведения об ответственности |
0_ |
| a |
Заглавие |
Героическое в буднях |
| b |
Общее обозначение материала |
Текст |
| 210 |
Выходные данные |
__ |
| a |
Место издания |
Свердловск |
| c |
Издательство |
Сред.-Урал. кн. изд-во |
| d |
Дата издания |
1980 |
| 215 |
Физическое описание |
__ |
| a |
Объем |
128 с., [8] л. ил. |
| 225 |
Серия |
__ |
| a |
Серия |
Энергия века |
| h |
Номер части |
вып. 2 |
| v |
Обозначение тома |
кн. 8 |
| 606 |
Тематические рубрики |
__ |
| a |
Основная рубрика |
Экономика |
| y |
Географическая подрубрика |
Тюменская область; Западная Сибирь; Россия |
| 606 |
Тематические рубрики |
__ |
| a |
Основная рубрика |
Экономика топливной промышленности |
| 610 |
Ключевые слова |
__ |
| a |
Ключевые слова |
краеведение; нефтяники |
| 686 |
Индексы других классификаций |
__ |
| 2 |
Код системы |
rubbks |
| a |
Классификационный индекс |
К65.305.143(2Рос-4Тюм) |
| a |
Классификационный индекс |
К83.3(2Рос=Рус)6 |
| 700 |
Автор |
_1 |
| a |
Фамилия |
Селиванов |
| b |
Имя |
Ф. А. |
| 4 |
Код отношения |
070 |
| 801 |
Источник записи |
_0 |
| a |
Страна |
RU |
| b |
Организация |
Муниципальное бюджетное учреждение культуры "Централизованная библиотечная система" г. Сургут (Центральная городская библиотека им. А. С. Пушкина) |
| g |
Правила каталогизации |
ОБ/Бутенко |
| 801 |
Источник записи |
_1 |
| a |
Страна |
RU |
| b |
Организация |
Муниципальное бюджетное учреждение культуры "Централизованная библиотечная система" г. Сургут (Центральная городская библиотека им. А. С. Пушкина) |
| g |
Правила каталогизации |
ОБ/Бутенко |
| 852 |
Данные о местонахождении |
__ |
| j |
Шифр хранения |
К65.305.143(2Рос-4Тюм) |
| c |
Каталожный индекс |
К65.304.13(2Рос-4Тюм); К83.3(2Рос=Рус)6 |
| i |
Авторский знак |
С29 |
| p |
Инвентарный номер |
67515 |
| 901 |
Тип документа |
__ |
| t |
Тип документа |
m |
| 903 |
Характеристики (МАРС) |
__ |
| a |
Дата передачи |
19980316 |
| 990 |
Данные о заказе (DOS) |
00 |
| j |
Количество экземпляров (DOS) |
1 |